La science française. (Record no. 139260)
[ view plain ]
| 000 -LEADER | |
|---|---|
| campo de control de longitud fija | 00796nam a2200205 4500 |
| 001 - NÚMERO DE CONTROL | |
| campo de control | 139260 |
| 003 - IDENTIFICADOR DE NÚMERO DE CONTROL | |
| campo de control | ES-MaACL |
| 005 - FECHA Y HORA DE LA ÚLTIMA TRANSACCIÓN | |
| campo de control | 20230906195735.0 |
| 007 - CAMPO FIJO DE DESCRIPCIÓN FÍSICA--INFORMACIÓN GENERAL | |
| campo de control de longitud fija | t| |
| 008 - DATOS DE LONGITUD FIJA--INFORMACIÓN GENERAL | |
| campo de control de longitud fija | 070214s1915 fr r ||||1| fre d |
| 080 ## - NÚMERO DE LA CLASIFICACIÓN DECIMAL UNIVERSAL | |
| Número de la Clasificación Decimal Universal | 001(44)(074) |
| 245 03 - MENCIÓN DEL TÍTULO | |
| Título | La science française. |
| 260 ## - PUBLICACIÓN, DISTRIBUCIÓN, ETC. | |
| Lugar de publicación, distribución, etc. | Paris : |
| Nombre del editor, distribuidor, etc. | Ministère de l'Instruction Publique et des Beaux-Arts, |
| Fecha de publicación, distribución, etc. | 1915 ( |
| Fabricante | Imp. Larousse) |
| 300 ## - DESCRIPCIÓN FÍSICA | |
| Extensión | 2 v., 35 lám. ; |
| Dimensiones | 23 x 15 cm. |
| 500 ## - NOTA GENERAL | |
| Nota general | Precede al tít.: Exposition Universelle et Internationale de San Francisco. |
| 500 ## - NOTA GENERAL | |
| Nota general | Las h. de lám. todas con retratos de franceses ilustres. |
| 710 2# - ENTRADA AGREGADA--NOMBRE DE ENTIDAD CORPORATIVA | |
| Nombre de entidad corporativa o nombre de jurisdicción como elemento de entrada | Francia. |
| Unidad subordinada | Ministère de l'Instruction Publique et des Beaux-Arts. |
| 9 (RLIN) | 4166 |
| 711 1# - ENTRADA AGREGADA--NOMBRE DE REUNIÓN | |
| Nombre de congreso/reunión o jurisdicción como elemento de entrada | Exposition Universelle et Internationale de San Francisco ( |
| Fecha del congreso o de la firma del tratado | 1915?) |
| 9 (RLIN) | 718 |
| 852 ## - LOCALIZACIÓN | |
| Ubicación | ES-MaACL |
| Número de control de estantería | B-326-327 |
| Estatus retirado | Estado de pérdida | Estado de daño | No para préstamo | Biblioteca de origen | Biblioteca actual | Ubicación en estantería | Fecha de adquisición | Fuente de adquisición | Total de préstamos | Signatura topográfica completa | Código de barras | Visto por última vez | Precio de reemplazo | Tipo de ítem Koha |
|---|---|---|---|---|---|---|---|---|---|---|---|---|---|---|
| Biblioteca del Ateneo de Madrid | Biblioteca del Ateneo de Madrid | Sala Pardo Bazán | 17/01/2008 | B-326-327 | 1144923 | 23/02/2023 | 23/02/2023 | Libro impreso |
